[Event "WchT 7th"]
[Site "Bursa"]
[Date "2010.01.08"]
[Round "4.4"]
[White "Sutovsky, Emil"]
[Black "Mastrovasilis, Athanasios"]
[Result "1-0"]
[WhiteElo "2657"]
[BlackElo "2510"]
[Annotator "Kritz,L"]
[PlyCount "71"]
[EventDate "2010.01.05"]
[EventType "team-tourn"]
[EventRounds "9"]
[EventCountry "TUR"]
[SourceTitle "CBM 134"]
[Source "ChessBase"]
[SourceDate "2010.01.18"]
[SourceVersion "1"]
[SourceVersionDate "2010.01.18"]
[SourceQuality "1"]
[WhiteTeam "Israel"]
[BlackTeam "Greece"]
[WhiteTeamCountry "ISR"]
[BlackTeamCountry "GRE"]
[TimeControl "40/5400+30:1800+30"]

1. e4 c5 2. Nf3 e6 3. Nc3 Nc6 4. d4 cxd4 5. Nxd4 Nf6 {Schwarz beabsichtigt, in
die Sweschnikow-Variante reinzukommen.} 6. Nxc6 {Wenn man zwischen Sweschnikow
und dieser Variante wählt, dann hat man nach 6.Nxc6 bessere Chancen auf einen
Eröffnungsvorteil.} (6. Ndb5 d6 (6... Bb4 7. a3 (7. Nd6+ $2 Ke7 8. Nxc8+ Rxc8
$15 {Der schwarze Entwicklungvorsprung und Druck auf das weiße Zentrum
kompensieren den Verlust der Rochade.}) 7... Bxc3+ 8. Nxc3 d5 9. exd5 exd5 10.
Bd3 O-O 11. O-O $14 {Weiß besitzt eindeutig die besseren Chancen.}) 7. Bf4 e5
8. Bg5 a6 9. Na3 b5 $13 {und wir landen in der Ausgangsstellung der
Sweschnikow-Variante.}) 6... bxc6 (6... dxc6 {Das ist ein sehr passives Spiel.
Schwarz hat gute Chancen auf ein Remis, muss sich jedoch die ganze Zeit ohne
Gegenchancen quälen.} 7. Qxd8+ Kxd8 8. Bf4 Bb4 9. O-O-O+ Ke7 10. f3 Rd8 11. Be2
Bd7 12. a3 Bxc3 13. Bd6+ Ke8 14. bxc3 $14 {Polgar - Amura (Benidorm, 2002)}) 7.
e5 {Die einzige aktive Möglichkeit. Nichts bringt 7.Bd3, weil man dann die
Stellung aus der Paulsen e6-Nc6-a6 Variante erhält, in der Schwarz einen Zug
Zeit an a6 gespart hat.} (7. Bd3 $6 d5 8. O-O Be7 9. Qe2 O-O $132 {In der
theoretischen Paulsenstellung steht der Bauer auf a6 und der schwarze König
immer noch im Zentrum, und die Stellung ist trotzdem unklar.}) 7... Nd5 8. Ne4
{Keine Hoffnung auf einen Vorteil hat Weiß, falls er auf d5 nimmt:} (8. Nxd5
cxd5 9. Bd3 Qc7 $1 (9... Be7 {Die einzige Variante, in der Weiß besser stehen
kann.} 10. Qg4 g6 (10... O-O $2 11. Bh6 $18) 11. Bh6 $14) 10. Qe2 Be7 {Jetzt
kann man nicht mehr Qg4 spielen.} 11. O-O O-O 12. Re1 d6 $11 {Rogovski -
Yakovich (Noyabrsk, 2003). Die Stellung ist ausgeglichen.}) 8... Qa5+ {Schwarz
hat viele Alternativen. Es ist schwer zu sagen, welche davon besser ist. Ich
persönlich finde die Variante 8....Qc7 9.f4 Qb6 am unangenehmsten für Weiß.} (
8... Qc7 9. f4 Qb6 (9... Qa5+ 10. Bd2 Qb6 11. Bd3 $1 Ba6 (11... Qxb2 {das
Nehmen des Bauerns ist zu gefährlich:} 12. Rb1 Qd4 13. Qe2 $44 {Weiß hat
ausgezeichnete Kompensation und gleich zwei unangenehme Drohungen: 14.c3 und
14.c4}) 12. Bxa6 Qxa6 13. Qe2 Qxe2+ 14. Kxe2 $14 {Weiß hatte das bessere
Endspiel in Fedorchuk - Timoshenko (Cappelle La Grande, 2008)}) 10. c4 Ne3 (
10... Bb4+ 11. Ke2 {Es macht nichts aus, dass der weiße König ins Zentrum
läuft - dafür hat Weiß viele andere Vorteile. Das Spiel läuft ziemlich
forciert.} f5 12. Nf2 Ba6 13. Kf3 Ne7 14. Be3 Bc5 15. Bxc5 Qxc5 16. Qd6 $1 $14
{Shirov - Krasenkow (Polanica Zdroj, 1998)}) 11. Qd3 Nf5 12. Bd2 Qxb2 13. Rb1
Qd4 14. Qxd4 Nxd4 15. c5 a5 $13 {Weiß hatte langzeitige Kompensation in
Ivanchuk - Radjabov (Bazna, 2009), konnte die schwarze Stellung jedoch nicht
durchbrechen.}) (8... Bb7 {wird im Remissinne gespielt.} 9. c4 (9. Be2 c5 10.
O-O Qc7 11. Nd6+ Bxd6 12. exd6 Qc6 (12... Qxd6 $4 13. c4 $18) 13. f3 c4 14. Qd4
O-O 15. Bxc4 Qxd6 16. Bb3 Qb6 17. Rd1 Rfc8 $132 {und selbst der Weltmeister
konnte die schwarze Stellung nicht knacken, Kasparov - Leko (Linares, 1999)})
9... Nb4 10. c5 {Sehr aggressive, Weiß spielt alles oder nichts.} Qb8 11. Bf4
Ba6 12. Bxa6 Nxa6 13. O-O Qb4 14. Re1 Nxc5 15. Qc2 Be7 16. Rad1 $44 {Die
weißen Chancen waren etwas besser in Fedorov - Abdulov (Dubai, 2009)}) (8... f5
$6 {kann nicht gut sein.} 9. exf6 Nxf6 (9... gxf6 10. Qh5+ Ke7 11. c4 Nb6 12.
Nxf6 $1 $18) 10. Nd6+ Bxd6 11. Qxd6 $14 {Khalifman - Yakovich (Novokuznetsk,
2008). Weiß hat die bessere Bauernstruktur und das Läuferpaar.}) 9. c3 {
Besser als 9.Bd2:} (9. Bd2 Qb6 10. c4 Qd4 11. Nd6+ Bxd6 12. exd6 Nf6 13. Bc3
Qxd1+ 14. Rxd1 c5 $11 {Svidler - Lautier (Cannes, 2001)}) 9... f5 (9... Ba6 10.
Bxa6 Qxa6 11. b3 $1 {Die strategische Idee ist c4, wonach Schwarz Probleme mit
seinem Springer haben wird.} f5 12. exf6 Nxf6 13. Nxf6+ gxf6 14. Qh5+ Kd8 15.
Be3 Qd3 16. Qa5+ Kc8 {Polgar - Lautier (Monte Carlo, 1996). und nun hätte Weiß
mittels} 17. a4 $3 {in Vorteil kommen können:} Rg8 (17... Rb8 18. Rd1 Qe4 19.
Qa6+ Rb7 20. Rxd7 $18) 18. g3 Qd5 19. Qa6+ Kc7 20. O-O $16) 10. exf6 Nxf6 11.
Nxf6+ (11. Nd6+ {hier ist es nicht dasselbe, wie nach 8....f5 - Schwarz kann
die Damen tauschen.} Bxd6 12. Qxd6 Qd5 13. Bf4 Ne4 14. Qxd5 exd5 15. f3 Nf6 16.
Kd2 $14 {Kotronias - Thorfinnsson (Caleta, 2005). Die weiße Stellung ist
trotzdem besser.}) 11... gxf6 12. Bf4 $5 $146 {Bis jetzt wurde nur 12.Be2
gespielt. Der Hauptvorteil des Partiezuges ist, dass er das Feld b8 unter
Kontrolle nimmt und den schwarzen Turm sperrt.} (12. Be2 Qd5 {alle Abtausche,
die folgen, spielen für Schwarz:} 13. Bh5+ Kd8 14. Qe2 Qe5 (14... Ba6 15. Qxa6
Qxh5 16. Be3 Qb5 17. Qxb5 cxb5 18. a4 b4 $11 {Kovacevic - Vukic (Herceg Novi,
2005)}) 15. Be3 Bc5 16. Bxc5 Qxc5 17. O-O-O Kc7 18. f4 Rb8 19. Rd4 Qa5 20. a3
Ba6 $11 {Kotronias - Tzermiadianos (Athens, 2004)}) 12... Qf5 (12... e5 13. Be3
Qd5 14. Qa4 $1 $16) (12... Qd5 13. Qa4 f5 14. f3 Rg8 15. Rd1 Qc5 16. Kd2 $16)
13. Qd2 e5 14. Be3 d5 (14... Be7 15. f3 d5 16. Bd3 Qh5 17. O-O-O $16 {Schwarz
wird es immer schwer haben, seinen König in eine sichere Ecke zu bringen.}) 15.
f4 (15. f3 $5 {wäre auch möglich, mit der Idee Bd3:} Bd6 16. Bd3 Qe6 17. O-O
O-O 18. Rae1 $14) 15... Rb8 $2 {Ein großer Fehler, nach welchem die Lage
kritisch wird.} (15... exf4 $1 {sieht paradox aus, war aber die beste
Fortsetzung!} 16. Bxf4 Qe4+ 17. Qe3 (17. Be3 Bc5 $19) (17. Kf2 Bc5+ 18. Be3
Qf4+ $19) (17. Be2 Rg8 18. Bg3 Bc5 $132 {beide Könige bleiben im Zentrum.})
17... Rg8 18. g3 Kf7 19. Qxe4 dxe4 $14 {Weiß behält minimalen Vorteil, Schwarz
kann jedoch bei guter Verteidigung Remis halten.}) 16. fxe5 $1 {Man muss die
f-Linie für zukünftige Aktivitäten der Türme öffnen.} fxe5 17. Bd3 Qg4 (17...
e4 18. Be2 $16 {Demnächst folgt 0-0-0-Rf1}) 18. O-O Rg8 (18... Rb7 19. Rf6 Bd7
20. Be2 Qg7 21. Bh5+ Kd8 22. Rf7 $18) 19. Rf2 $1 {Man braucht nicht die Bauern
h7 oder a7 - man braucht den schwarzen König.} Rb7 20. Raf1 Be6 21. Rf6 {
Schwarz kann nichts machen, er wird einfach zusammengeschoben.} Rbg7 22. Kh1 $1
(22. g3 {ist zwar auch gut, aber wozu sollte man sich zusätzliche Schwächen
machen.}) 22... Be7 23. h3 {Das Spiel ist vorbei, auch die Taktik arbeitet für
Weiß.} Qxg2+ 24. Qxg2 Rxg2 25. Rxe6 R2g3 26. Rxe7+ Kxe7 27. Bc5+ $18 {Es wäre
nicht so schlimm, wenn Schwarz noch einen Zug hätte, um e4 zu spielen, doch
das schafft er nicht.} Ke8 28. Bf5 $1 {Die weißen Läufer kontrollieren das
Geschehen völlig.} e4 29. Be6 Rh8 30. Rf7 Rxh3+ 31. Kg2 Rh6 32. Re7+ Kd8 33.
Rxa7 Rg6+ 34. Kf1 Rxe6 35. Ra8+ Kd7 36. Rxh8 1-0

[Event "Nanjing Pearl Spring 1st"]
[Site "Nanjing"]
[Date "2008.12.19"]
[Round "8"]
[White "Topalov, Veselin"]
[Black "Ivanchuk, Vassily"]
[Result "1-0"]
[WhiteElo "2791"]
[BlackElo "2786"]
[Annotator "Kritz,L"]
[PlyCount "115"]
[EventDate "2008.12.11"]
[EventType "tourn"]
[EventRounds "10"]
[EventCountry "CHN"]
[EventCategory "21"]
[SourceTitle "CBM 128"]
[Source "ChessBase"]
[SourceDate "2009.01.28"]
[SourceVersion "1"]
[SourceVersionDate "2009.01.28"]
[SourceQuality "1"]

1. e4 c5 2. Nf3 Nc6 3. d4 cxd4 4. Nxd4 e6 5. Nc3 {Eine andere Möglichkeit
gegen Paulsen zu spielen ist 5.Nb5.} (5. Nb5 d6 6. c4 Nf6 7. N1c3 a6 8. Na3 b6
9. Be2 Bb7 10. O-O Ne5 11. f3 Be7 12. Be3 O-O $132 {Es entsteht eine
Igelstellung, in der Weiß einige Probleme mit dem Na3 hat. Die Stellung ist
ungefähr ausgeglichen, beide Seiten haben ihre Chancen.}) 5... Nf6 {Schwarz
weicht von dem Paulsen-System ab.} 6. Ndb5 (6. Nxc6 $5 {Das Nehmen auf c6 ist
eine vollwertige Alternative.} bxc6 (6... dxc6 $6 7. Qxd8+ Kxd8 8. Bf4 Bb4 9.
O-O-O+ Ke7 10. f3 Rd8 (10... Bxc3 11. Bd6+ Ke8 12. bxc3 $16) 11. Be2 Bd7 12. a3
Bxc3 13. Bd6+ Ke8 14. bxc3 b6 15. g4 $16 {J.Polgar - Amura (Benidorm, 2002)})
7. e5 Nd5 8. Ne4 Qc7 9. f4 Qb6 10. c4 $14 {Die Stellung ist sehr kämpferisch,
doch wie die Erfahrungen zeigen, sind die weißen Chancen besser.}) 6... Bb4 $6
{Schwer zu verstehen, warum Ivanchuk diese Variante ausgewählt hat. Es ist
wohl bekannt, dass Weiß einen "kostenlosen" Vorteil bekommt.} (6... d6 7. Bf4
e5 8. Bg5 a6 {führt mit Zugumstellung zur Sveshnikov-Variante.}) 7. a3 (7. Nd6+
$2 {Das Schachgebot gilt seit Ewigkeiten als Fehler: Schwarz tauscht nicht
seinen guten Läufer ab, sondern zieht es vor, mit dem König im Zentrum zu
bleiben.} Ke7 $1 (7... Bxd6 8. Qxd6 Qe7 9. Bf4 $16) 8. Nxc8+ Rxc8 9. Bd3 d5 10.
exd5 Nxd5 $15) 7... Bxc3+ 8. Nxc3 d5 9. exd5 $1 {Das ist die alte,
prinzipielle und meiner Meinung nach stärkste Fortsetzung. Das Endspiel, das
nach 9.Bd3 entsteht, kann man auch spielen, doch der Vorteil dort ist eher
minimal:} (9. Bd3 dxe4 (9... d4 $2 {Ein strategischer Fehler. Schwarz wird
nach der späteren Spielöffnung Schwierigkeiten haben, weil er dem weißen
schwarzfeldrigen Läufer nichts entgegenzusetzen hat.} 10. Ne2 e5 11. O-O O-O
12. h3 Re8 13. Ng3 Be6 14. f4 $1 exf4 15. Bxf4 Nd7 16. Qh5 g6 17. Qh6 Qf6 18.
Bg5 Qg7 19. Qh4 Nce5 20. Bh6 Qh8 21. Nf5 $1 $16 {Shirov - Grischuk (Linares,
2001)}) 10. Nxe4 Nxe4 11. Bxe4 Qxd1+ 12. Kxd1 Bd7 13. Be3 f5 14. Bf3 e5 15. Kc1
$14 {Weiß verfügt über das Läuferpaar und hat damit einen kleinen Vorteil.
Doch ich denke, dass Schwarz bei richtigem Spiel ausgleichen kann. Das Zentrum
und der schlecht platzierte weiße König sind die Gründe dafür.}) 9... exd5 10.
Bd3 O-O 11. O-O d4 (11... h6 {Der Versuch, den Bc1 einzugrenzen bringt nichts,
weil der Läufer sowieso rauskommt.} 12. Bf4 d4 13. Ne2 Nd5 14. Bg3 $14) 12. Ne2
Bg4 ({Nach} 12... Re8 {hat Weiß die Wahl, ob er die Entwicklung des Läufers
auf g4 vermeiden sollte oder nicht. Beide Möglichkeiten versprechen ihm gutes
Spiel.} 13. b4 (13. h3 h6 14. b4 a5 15. Rb1 axb4 16. axb4 Nd5 17. Qd2 Qh4 18.
Rb3 Re5 19. b5 Nce7 20. Nxd4 $16 {Berg - Ivanov (Copenhagen, 2007)}) 13... Bg4
14. f3 Bh5 15. Bb2 {Die Schwäche des d4-Bauern erlaubt Schwarz nicht, den
Springer über d5 nach e3 zu führen.} a6 (15... Nd5 16. Qd2 Ne3 17. Rfe1 a6 18.
Nxd4 Nxd4 19. Bxd4 $1 $18) 16. Rf2 $1 {Nun droht das Nehmen auf d4.} Bg6 (16...
Qb6 17. Nxd4 Nxd4 18. Bxd4 Qxd4 19. Bxh7+ $18) (16... Kh8 17. Bc4 $16) 17. Bxg6
hxg6 18. Nxd4 $16 {Vorobiov - Hasangatin (Pardubice, 2007)}) 13. f3 Bh5 14. Nf4
({Eine andere gute Möglichkeit ist} 14. Bg5 Qd6 15. Qd2 Nd5 (15... Rfe8 16.
Rad1 $16) 16. Be4 h6 17. Bf4 Nxf4 18. Nxf4 Bg6 19. Nxg6 fxg6 20. Qd3 Kh8 21.
Rad1 $16 {Iordachescu - Van Riemsdijk (Vlissingen, 2006)}) 14... Re8 $6 $146 {
Ehrlich gesagt gefällt mir diese Idee gar nicht. Weiß bekommt das Läuferpaar
plus der Bauer d4 ist schwach plus Weiß hat Chancen, auf Angriff zu spielen.
Das traditionelle 14....Bg6 ist jedoch auch nicht viel besser. Wie gesagt, die
gesamte Variante sieht sehr verdächtig aus.} (14... Bg6 15. Nxg6 hxg6 16. f4
$14 {Das Szenario ist ungefähr das gleiche wie in der Partie - Weiß kombiniert
das Spiel gegen die schwarzen Schwächen.}) 15. Nxh5 Nxh5 16. f4 $1 {Dieser Zug
dient zwei Zielen: erstens, der Bauer kann unter Umständen den weißen Angriff
unterstützen; zweitens, er nimmt dem schwarzen Springer das lebenswichtige
Feld e5. Grundsätlich gilt, Weiß darf den weißfeldrigen Läufer nur dann
tauschen, wenn er einen materiellen Nutzen davon zieht.} Nf6 17. Qf3 Nd5 {
Das Feld e3 ist die einzige Hoffnung des Schwarzen.} 18. Qh3 g6 (18... h6 19.
Qf5 g6 (19... Nf6 {Der Springer kam gerade von f6, sicherlich ist es keine
gute Idee, hin und her zu laufen.} 20. b4 $1 $16) 20. Qh3 Ne3 21. Bxe3 dxe3 (
21... Rxe3 22. Qxh6 $18) 22. Rae1 Qb6 23. Qxh6 Rad8 24. f5 e2+ 25. Rf2 Ne5 26.
h3 $1 (26. f6 $4 Qxf2+ 27. Kxf2 Ng4+ $19) 26... Nxd3 27. cxd3 Rd6 28. fxg6 fxg6
29. Qd2 $16) 19. f5 $1 {Die schwarze Stellung sieht furchtbar aus. Seine
einzige Chance ist es, mit dem Springer auf e3 das Übel zu kompensieren, doch
auch das gelingt nicht ganz.} Ne3 20. Qh6 $1 Qe7 (20... Nxf1 {Das Annehmen des
Opfers bringt die sofortige Katastrophe.} 21. fxg6 (21. Bg5 Qd6 22. Rxf1 Ne5
23. fxg6 fxg6 24. Bf6 Qc7 25. Be4 $44) 21... hxg6 (21... fxg6 22. Bc4+ Kh8 23.
Bg5 Qd6 24. Rxf1 Rf8 25. Bf7 $1 $18) 22. Bg5 (22. Bxg6 fxg6 23. Qxg6+ Kh8 24.
Bg5 Ne3 25. Bf6+ Qxf6 26. Qxf6+ $14) 22... Qd6 23. Rxf1 Qf8 24. Qh4 $18 {
Es ist keine Kompensationsstellung - Weiß steht auf Gewinn!}) 21. Rf4 gxf5 (
21... Nxf5 {gibt den letzten Vorposten auf e3 auf.} 22. Bxf5 gxf5 23. Bd2 Qe6
24. Qh3 Ne7 25. Rxd4 $16) 22. Bd2 $1 {Topalov spielt cool. Die schwarze
Bauernstruktur ist geschwächt, der König völlig kompromittiert. Weiß braucht
sich nicht zu beeilen, es ist offensichtlich, dass seine Läufer die Stellung
auseinander reißen werden.} Rad8 (22... Qe5 23. Re1 Re6 24. Qh4 Rg6 25. Bxe3
dxe3 26. Rxf5 Qg7 (26... Qxb2 27. Rxe3 Qc1+ 28. Re1 Qh6 29. Rh5 $18) 27. Be4
$16) 23. Bxf5 Nxf5 24. Rxf5 $18 {Schwarz ist chancenlos. Schlechte
Bauernstruktur, schwacher König, Läufer gegen Springer. Es ist ein Wunder,
dass Ivanchuk so lange überstanden hat.} Rd6 25. Qf4 (25. Qh5 $1 Rg6 26. Re1
Qd7 27. Ref1 Nd8 28. g3 $18) 25... Rg6 26. Rf1 Qe2 27. g3 Rf8 (27... Re4 28.
Qc7 $1 {Bevor Weiß den Damentausch anbietet, gewinnt er einen Bauern.} Re7 29.
Qc8+ Re8 (29... Kg7 30. Bg5 Qe6 31. Qa8 Rd7 (31... Re8 32. Rxf7+ Qxf7 33. Rxf7+
Kxf7 34. Qxb7+ Kg8 35. Bf4 $18) 32. Rf6 Qe5 33. Rxg6+ hxg6 34. Bf6+ Qxf6 35.
Rxf6 Kxf6 36. Kf2 $18) 30. Qxb7 Re7 31. Qc8+ {Die weiße Dame arbeitet sich
zurück nach Hause.} Re8 32. Qc7 Re7 33. Qf4 Re4 34. Qf2 $18) 28. Rf2 (28. Rxf7
$2 Qxf1+ 29. Qxf1 Rxf7 $16 {Immernoch steht Weiß mit Vorteil da, doch die
schwarzen Chancen steigen enorm.}) 28... Qe6 29. h4 Ne7 (29... Qd6 {sieht
besser aus, doch es führt sehr schnell zur Niederlage:} 30. h5 $1 Qxf4 (30...
Rxg3+ 31. Kh2 Qxf4 32. R2xf4 Rg7 33. Re4 $1 Rd8 34. Bh6 $18 {Interessantes
Bild - der Turm ist gefangen.}) 31. R2xf4 Rd6 (31... Rxg3+ 32. Kh2 Rg7 33. Re4
$18) 32. Rg4+ Kh8 33. h6 f6 (33... Rg8 34. Bg5 $1 $18) 34. Rg7 $18) 30. Re5 Qd7
31. h5 Rg7 32. Rg5 f5 33. Rxg7+ Kxg7 34. Qe5+ {Bis jetzt hat Topalov die
stärksten Züge gespielt. An dieser Stelle hätte er das Spiel mit 34.Bb4 sofort
beenden können. Wobei das keine große Rolle spielt, Weiß hat viele
Möglichkeiten zu gewinnen.} (34. Bb4 $1 Rf7 (34... Rf6 35. Re2 Re6 36. Rxe6
Qxe6 37. Qxd4+ Kh6 38. Qf4+ Kg7 39. Bxe7 Qxe7 40. Qxf5 Qe1+ 41. Kg2 Qe2+ 42.
Kh3 $18) 35. g4 Kg8 36. gxf5 $18) 34... Kg8 35. Bh6 Nc6 (35... Rf7 36. Qb8+ Nc8
37. Re2 $18 {Schwarz ist fast im Zugzwang!}) 36. Qf4 Rf7 37. g4 $1 d3 (37...
fxg4 38. Qg5+ Kh8 39. Bg7+ Kg8 (39... Rxg7 40. Rf8+ $18) 40. Be5+ Kf8 41. Qg7+
Ke8 42. Qg8+ $18) 38. cxd3 Kh8 39. gxf5 (39. Qc4 $5 {gewinnt noch schneller.}
Ne5 40. Qc3 Qc7 41. Qd4 Kg8 42. gxf5 $18) 39... Qxd3 40. Kg2 Qd5+ 41. Qf3 {
Übergang ins Endspiel ist eine gute Entscheidung - Schwarz hat nicht mal den
Ansatz auf eine Hoffnung.} Ne7 (41... Qxf3+ 42. Rxf3 Ne7 43. f6 Nd5 44. Bg5 $18
) 42. Qxd5 Nxd5 43. Rc2 $1 {Bringt auch die Türme vom Brett.} Rc7 (43... Ne7
44. Rc7 $18) (43... Nc7 44. Rd2 $18) 44. Rxc7 Nxc7 45. Kf3 {Der Rest ist
Technik.} Kg8 46. Ke4 Ne8 47. Ke5 Kf7 48. Bg5 Nc7 49. h6 Nb5 50. Be3 b6 51. a4
Nc7 52. Kd6 Na6 53. Kc6 Nb4+ 54. Kb7 Nd5 55. Bg5 a5 56. Kc6 Nb4+ 57. Kxb6 Nd3
58. b3 1-0

[Event "EU-ch 13th"]
[Site "Plovdiv"]
[Date "2012.03.28"]
[Round "8"]
[White "Pancevski, Filip"]
[Black "Agaragimov, Djahangir"]
[Result "1-0"]
[WhiteElo "2470"]
[BlackElo "2342"]
[Annotator "Let's Check Training"]
[PlyCount "79"]
[EventDate "2012.03.20"]
[EventType "swiss"]
[EventRounds "11"]
[EventCountry "BUL"]
[SourceTitle "CBM 148"]
[Source "ChessBase"]
[SourceDate "2012.05.16"]
[SourceVersion "1"]
[SourceVersionDate "2012.05.16"]
[SourceQuality "1"]

1. e4 c5 2. Nf3 Nc6 3. d4 cxd4 4. Nxd4 Nf6 5. Nc3 e6 6. Ndb5 Bc5 7. Bf4 O-O 8.
Bc7 Qe7 9. Bd6 Bxd6 10. Qxd6 Ne8 11. Qxe7 Nxe7 12. O-O-O f5 13. f3 a6 14. Nd4
fxe4 15. Nxe4 b6 16. Nb3 Nf5 17. Bd3 Ra7 18. Rhe1 Rc7 19. Nc3 b5 20. Bxf5 Rxf5
21. Nd5 Rxd5 22. Rxd5 exd5 23. Rxe8+ Kf7 24. Re5 Bb7 25. Kd2 g6 26. a3 d6 27.
Re3 Kf6 28. Nd4 Bc8 29. Re8 Bd7 30. Rf8+ Kg7 (30... Ke7 31. Rh8 h5 $18) 31. Ra8
$18 Bc8 {[%tqu "En","","","","a8a6","",10]} 32. Rxa6 $1 Rxc2+ 33. Kxc2 Bxa6 34.
Ne6+ Kf6 35. Nc7 Bb7 36. Nxb5 Ke7 37. Kc3 g5 38. Nd4 Ba6 39. b4 h5 40. a4 1-0